000 00247nam a2200109 4500
001 3550
090 _a3550
100 _a20190723b u||y0fre||u0ba y50
200 _aPOUR
_bPériodique
_eLe mouvement étudiant
210 _aGenève
801 _aCH
_bCH-002049-8
955 _r1979: 1